| 000 | 00000cam 2200000zi 4500 |
| 001 | 9.557519 |
| 003 | CaOODSP |
| 005 | 20210624171929 |
| 007 | cr ||||||||||| |
| 008 | 150406s2000||||xxc|||||o f|0| 0 eng d |
| 020 | |a0-660-18354-4 |
| 022 | |a1205-9153 |
| 040 | |aCaOODSP|beng |
| 043 | |an-cn--- |
| 086 | 1 |aCS11-0019/160E-PDF|zCS11-0019/160E-IN |
| 100 | 1 |aMyles, John, |eauthor. |
| 245 | 00|aNeighbourhood inequality in Canadian cities / |cby J. Myles, G. Picot and W. Pyper. |
| 260 | |aOttawa, Ontario : |bStatistics Canada, |cDecember 13, 2000. |
| 300 | |a1 online resource (38 pages) : |bgraphs, references, tables. |
| 336 | |atext|btxt|2rdacontent |
| 337 | |acomputer|bc|2rdamedia |
| 338 | |aonline resource|bcr|2rdacarrier |
| 490 | 1 |aAnalytical Studies Branch research paper series ; |x1205-9153|vNo. 160 |
| 500 | |aThe ISBN (0-660-18353-6) and ISSN (1200-5223) for the print edition have been incorrectly copied in this electronic publication. |
| 520 | 3 |a"In this paper, we use census tract data to analyse changes in neighbourhood income inequality and residential economic segregation in the eight largest Canadian cities during the 1980-95 period"--Abstract. |
| 590 | |a12-37-Supp|b2012-09-24 |
| 710 | 2 |aStatistics Canada, |eissuing body. |
| 775 | 08|tInégalités entre les quartiers des villes canadiennes / |w(CaOODSP)9.590774 |
| 776 | 0#|tNeighbourhood inequality in Canadian cities / |w(CaOODSP)9.615405 |
| 830 | #0|aResearch paper series (Statistics Canada. Analytical Studies Branch)|x1205-9153|vNo. 160|w(CaOODSP)9.504421 |
| 856 | 40|ahttp://publications.gc.ca|qPDF|s190 KB|uhttps://publications.gc.ca/collections/Collection/CS11-0019-160E.pdf|yNo. 160 |